Mind, materiality and history : explorations in Fijian ethnography
Αποθηκεύτηκε σε:
| Κύριος συγγραφέας: | |
|---|---|
| Μορφή: | Βιβλίο |
| Γλώσσα: | English |
| Δημοσίευση: |
London; New York :
Routledge,
1999
|
| Σειρά: | Material cultures
|
| Θέματα: | |
| Ετικέτες: |
Προσθήκη ετικέτας
Δεν υπάρχουν, Καταχωρήστε ετικέτα πρώτοι!
|
MARC
| LEADER | 00000nam a2200000 i 4500 | ||
|---|---|---|---|
| 001 | 1/59242 | ||
| 008 | 040818s1999 eng d | ||
| 020 | |a 0-415-19577-2 | ||
| 035 | |l 10074084 | ||
| 040 | |a GR-MY-UA |b gre |e aacr | ||
| 041 | 0 | |a eng | |
| 082 | 0 | |a 155.82 |2 (21) | |
| 100 | 1 | |a Toren, Christina |d 1947- | |
| 245 | 1 | 0 | |a Mind, materiality and history : |b explorations in Fijian ethnography / |c Christina Toren |
| 260 | |a London; New York : |b Routledge, |c 1999 | ||
| 300 | |a xii, 209 σ.; |b εικ.; |c 24 εκ. | ||
| 490 | 1 | |a Material cultures | |
| 504 | |a Περιέχει βιβλιογραφία και ευρετήριο | ||
| 650 | 0 | 0 | |a Fijians |x Psychology. |
| 650 | 0 | 0 | |a Ethnopsychology. |
| 650 | 0 | 0 | |a Fijians |x Ethnic identity. |
| 650 | 0 | 0 | |a Self. |
| 650 | 0 | 0 | |a Cognition and culture. |
| 830 | 0 | |a Material cultures | |
| 852 | |a INST |b LESVOS |e 20040818 |h 155.82 TOR |p 005100030449 |q 005100030449 |t BK |y 0 | ||
| 901 | |a BIBL1-2004-2 | ||
| 909 | |a Λ |b 111135 | ||
| 920 | |a ΤΑΚΤΙΚΟΣ ΚΟΙΝΩΝΙΚΗΣ ΑΝΘΡΩΠΟΛΟΓΙΑΣ ΚΑΙ ΙΣΤΟΡΙΑΣ |y ΛΕΣΒΟΣ |z 2004-05 | ||
| 970 | |a ΧΡΙΣΤΟΦΑ |b ΝΙΚΗ |z 2004/08/18 | ||